000
00324nam a22001457a 4500
003
SGT
020
_a
978-93-88527-75-0
100
_a
DEOLEKAR, PRADNYA
245
_a
MCQ;S IN PHARMACOLOGY
250
_a
1st
260
_a
CBS, PUB
_b
DELHI
_c
2019
650
_a
MCQ;S, PHARMACOLOGY
653
_a
PHARMACOLOGY
942
_2
ddc
_c
BK
999
_c
24672
_d
24672